000 00713nam a22002057a 4500
005 20170918111735.0
010 _aENG-120596
020 _a9788123020976( vol-100)
_c100.00
035 _aEN-104128
037 _bDBAD/PUB
082 _a301.153
100 _aGandhi, Mahatma
245 _aThe collected works of Mahatma Gandhi /
_bby Mahatma Gandhi
260 _aDelhi
_bPublication Divison
_c2015 Dec.-(rep.)
270 _a Ministryof Information and Broadcasting Govt of India Soochna Bhawan,CGO Complex,Lodhi Road
_bNew Delhi
_e110001
300 _aVol-100(xIii,632p.)
_c24cm(Hb)
500 _aIncludes index
505 _avol-100-volume of prefaces
942 _2ddc
_cEN
_h301.153
_mGAN
999 _c144744
_d144744